000
00337pam a2200157a 44500
008
230515b1997 xxu||||| |||| 00| 0 eng d
020
_a
NULL
041
_a
ENGL
082
_a
BIC
100
_a
BICKEL J.O.
245
_a
TUNNEL ENGG. HANDBOOK
250
_a
N.D.
260
_a
NULL
_b
C.B.S
_c
1997
300
_a
544 PB
650
_a
NULL
999
_c
659133
_d
659133